[Event "15th Governor Cup 2019"]
[Site "Khanty-Mansiysk"]
[Date "2019.11.21"]
[Round "4.2"]
[White "Kokarev, Dmitry"]
[Black "Volkov, Sergey"]
[Result "1-0"]
[WhiteElo "2601"]
[BlackElo "2572"]
[Annotator "TA"]
[PlyCount "111"]
[EventDate "2019.11.19"]
[EventType "swiss"]
[EventCountry "RUS"]
[SourceTitle "playchess.com"]
[Source "ChessBase"]
[SourceQuality "1"]

{[%evp 11,111,0,0,0,0,0,0,2,47,42,58,61,62,37,33,29,58,-8,0,0,0,-10,61,59,93,82,71,65,83,98,137,154,126,110,115,57,137,139,176,169,167,175,175,185,163,172,185,161,236,177,276,275,276,276,412,411,400,408,403,403,403,394,400,389,503,492,466,455,1787,1804,1728,1535,1726,1314,1750,1437,1330,1132,2627,3119,2970,2380,12837,12838,12839,12839,12840,12840,12841,12841,12841,12842,12846,12845,12845,12845,12847,12844,12846,12844,12851,29965]} 1. e4 e6 2. d4 d5 3. Nc3 Nf6 4. Bg5 Bb4 5. e5 h6 6. Bc1 Ne4 7. Qg4 {C12: French: Classical System: McCutcheon Variation} g6 ({Don't play} 7... Nxc3 $6 8. Qxg7 Kd7 9. Bd2 $16) (7... Kf8 8. Nge2 c5 9. a3 h5 10. Qf4 Ba5 11. dxc5 Nxc3 12. Nxc3 Bxc3+ 13. bxc3 Qa5 14. Bd2 Nc6 {0-1 (53) Naiditsch,A (2702)-Buhmann,R (2564) Germany 2018}) (7... Kf8 8. Nge2 f5 9. exf6 Qxf6 10. Qf4 Nc6 11. a3 Ba5 12. Qxf6+ gxf6 13. Be3 e5 14. O-O-O exd4 15. Nxe4 dxe3 16. Nxf6 exf2 {½-½ (40) Kokarev,D (2619)-Volkov,S (2601) Taganrog 2016}) 8. Nge2 c5 9. a3 {The position is equal.} Nxc3 (9... Bxc3+ {keeps more tension.} 10. Nxc3 Nxc3 11. bxc3 Qa5 12. Bd2 Qa4) 10. axb4 ({But not} 10. bxc3 Ba5 $11) 10... Nxe2 11. Bxe2 cxb4 12. O-O $146 ({Predecessor:} 12. Bd3 Qe7 13. h4 Nc6 14. h5 g5 {1-0 (34) Loutragotis,D (2241)-Nasos,K (1573) Achaia 2017}) 12... Bd7 13. c3 Qb6 14. Qh4 ({White should play} 14. Rd1 $14) 14... Bb5 $1 $11 {[%cal Rb5e2]} 15. Bxb5+ Qxb5 16. Bxh6 Qd3 (16... Nc6 $11) 17. Qf4 Qf5 18. Qd2 $36 {[%mdl 2048] White has strong initiative.} Qh5 19. Bf4 g5 {Hoping for ...bxc3.} 20. Bg3 Nc6 21. cxb4 Ne7 22. Rac1 Nf5 23. Qd3 (23. f3 $16) 23... O-O (23... a6 $14) 24. f3 $1 $16 Rac8 25. Bf2 {Threatens to win with g4.} g4 {[#]} 26. fxg4 $1 Qxg4 27. Qd2 Kh7 28. h3 Qh5 29. Kh2 {Strongly threatening Rxc8.} Nh6 (29... Qh6 $142 30. Qxh6+ Kxh6) 30. Qf4 Rxc1 (30... Rg8 $142 31. Rxc8 Rxc8) 31. Rxc1 $18 ({Weaker is} 31. Qxc1 Rg8 $16) 31... Rg8 32. Rc7 Rg5 (32... Ng4+ {was worth a try.} 33. Kg1 Nh6 34. Rxb7 Rg7) 33. Be3 Rf5 34. Qxh6+ Qxh6 35. Bxh6 Kxh6 36. Rxb7 {[%mdl 4096] Endgame KR-KR} Rf4 37. Rxa7 Kg6 {[#]} 38. Ra3 $1 {White is clearly winning.} Rxd4 39. Rb3 Rh4 (39... Kf5 $142 40. b5 Rh4) 40. g4 f6 41. exf6 Kxf6 42. b5 Rh7 43. b6 Rb7 44. Kg3 e5 45. h4 Ke6 46. h5 d4 47. h6 Kf6 48. Kf3 d3 49. Ke3 e4 50. Kxe4 d2 51. Rd3 Rxb6 52. Rxd2 Rb4+ 53. Kd5 Kg6 54. Rh2 Kh7 55. Kc5 Rxg4 56. b4 {Accuracy: White = 77%, Black = 31%.} 1-0

[Event "15th Governor Cup 2019"]
[Site "Khanty-Mansiysk"]
[Date "2019.11.21"]
[Round "4.3"]
[White "Savitskiy, Sergey"]
[Black "Sakaev, Konstantin"]
[Result "1/2-1/2"]
[WhiteElo "2396"]
[BlackElo "2595"]
[Annotator "TA"]
[PlyCount "115"]
[EventDate "2019.11.19"]
[EventType "swiss"]
[EventCountry "RUS"]
[SourceTitle "playchess.com"]
[Source "ChessBase"]
[SourceQuality "1"]

{[%evp 17,115,26,25,29,39,12,48,-14,14,0,23,-57,-54,-362,-353,-381,-369,-351,-320,-303,-176,-195,-211,-262,-259,-309,-259,-227,-227,-353,0,0,0,0,0,0,0,0,0,0,0,0,13,-212,-158,-218,0,-306,-320,-445,-464,-451,-441,-480,-456,-467,-453,-454,-452,-532,-345,-310,-243,-253,-251,-252,-232,-327,-233,-232,-183,-175,7,7,19,14,12,21,27,0,0,0,0,0,0,0,0,0,0,0,0,0,0,0,0,0,0,0,0,0]} 1. e4 c5 2. Nf3 d6 3. d4 cxd4 4. Nxd4 Nf6 5. Nc3 a6 6. Bg5 Nbd7 7. Qe2 e6 8. O-O-O Qc7 9. f4 b5 10. a3 {B96: Sicilian Najdorf: 6 Bg5 e6 7 f4, lines other than 7...Qb6 and 7...Be7} (10. g4 h6 11. Bxf6 Nxf6 12. e5 dxe5 13. fxe5 Nd7 14. Bg2 Rb8 15. Nd5 exd5 16. e6 Nf6 17. Rhf1 fxe6 18. Nxe6 {0-1 (40) Frolyanov,D (2542)-Fedoseev,V (2681) Riga 2019}) 10... Bb7 11. Kb1 Be7 12. g3 $146 (12. g4 $14) ({Predecessor:} 12. g4 Rb8 13. Bxf6 Bxf6 14. g5 Bxd4 15. Rxd4 e5 16. Nd5 Bxd5 17. exd5 O-O 18. fxe5 Nxe5 {0-1 (40) Homa,S (2247)-Pedersen,C (2405) Philadelphia 2018}) 12... O-O 13. g4 Rfc8 14. f5 (14. h4 $11) 14... e5 $36 {[%mdl 2048] Black is pushing.} 15. Nf3 $2 {[%mdl 8192]} (15. Bxf6 $15 Bxf6 16. Nb3) 15... b4 $19 16. axb4 a5 $1 {[%cal Ra5b4]} 17. b5 a4 $1 18. Bc1 {With the idea g5.} Nxg4 (18... Nc5 $142 19. b6 Qxb6) 19. Rg1 Ngf6 20. Qg2 {[%csl Gg1][%cal Rg2g7]} Bf8 $1 21. Bh6 {[%cal Rh6g7]} g6 (21... Nxe4 22. Bxg7 Nxc3+ 23. bxc3 $18) 22. fxg6 ({Of course not} 22. Bxf8 Nxf8 23. fxg6 hxg6 $19) 22... hxg6 ({Much less strong is} 22... Bxh6 23. gxh7+ Kh8 24. Ng5) 23. Ng5 {[#]} (23. Nh4 $142 Bxh6 24. Nxg6 $1 {[%mdl 512]}) 23... Bxh6 $2 {[#]} (23... a3 $1 $19 {[%cal Ra3b2]} 24. Nxf7 Kxf7 25. Qxg6+ Ke7) 24. Nxf7 $1 $11 {[%mdl 576] Remove Defender, Decoy} Kxf7 25. Qxg6+ {[%mdl 64] Double Attack} Ke7 26. Qxh6 {aiming for Rg7+.} Rf8 27. Rg7+ Rf7 $1 28. Rxf7+ Kxf7 29. Bh3 Rg8 $1 30. Rf1 $2 (30. b6 $11 Qxb6 31. Bxd7) 30... Qc4 $19 31. Qh7+ {[#]} (31. Qe3 $17 {keeps fighting.} Ke7 32. Qa7) 31... Rg7 $2 (31... Kf8 $1 $19 32. Qh6+ {[%mdl 64] Double Attack} Ke7 33. Nxa4 Qe2) 32. Qf5 $2 {[%mdl 8192]} (32. Qh8 $11 {and White stays safe.}) 32... Ke7 33. Nd5+ Bxd5 34. exd5 Qxd5 35. b6 a3 36. bxa3 Rg8 37. Kc1 Qa2 38. Kd2 Rf8 {Strongly threatening ...Nc5.} 39. b7 {and the idea Rg1 leaves White hopeful.} Qd5+ 40. Kc1 Rb8 41. Qg5 Qxb7 42. Rxf6 (42. Qg7+ $142 Kd8 43. Rxf6 Qb2+ {[%mdl 64] Double Attack, Zwischenzug} 44. Kd2 Qd4+ 45. Ke2 Qe4+ 46. Kd2 Qd5+ 47. Kc1 Nxf6 48. Qxf6+ Kc7 49. Bg2) 42... Nxf6 43. Qg7+ Ke8 44. Qxf6 {[%mdl 4096] Endgame KQR-KQB} Qf7 $2 {[#]} ({Better is} 44... Qe7 $19 45. Qh6 Qf7) 45. Bd7+ $1 $11 {[%mdl 512]} Qxd7 (45... Kxd7 46. Qxf7+) 46. Qh8+ Ke7 47. Qxb8 {KQ-KQ} Qc6 48. Qb4 Qh1+ {The position is equal.} 49. Kb2 Qxh2 50. a4 {[%cal Ba3a4,Ba4a5,Ba5a6,Ba6a7][%mdl 32] Black must now prevent a5.} Qg2 51. Qb5 Kd8 52. a5 Kc7 53. Qb6+ Kd7 54. a6 {And now a7 would win.} Qc6 55. Qa5 Kc8 56. a7 Qa8 57. Kc1 {Hoping for Qa6+.} Kb7 58. Qd5+ {Accuracy: White = 38%, Black = 74%.} 1/2-1/2

[Event "15th Governor Cup 2019"]
[Site "Khanty-Mansiysk"]
[Date "2019.11.21"]
[Round "4.4"]
[White "Timofeev, Artyom"]
[Black "Bocharov, Ivan"]
[Result "1/2-1/2"]
[WhiteElo "2595"]
[BlackElo "2571"]
[Annotator "TA"]
[PlyCount "96"]
[EventDate "2019.11.19"]
[EventType "swiss"]
[EventCountry "RUS"]
[SourceTitle "playchess.com"]
[Source "ChessBase"]
[SourceQuality "1"]

{[%evp 14,96,-1,0,18,14,30,16,25,26,6,12,25,16,46,20,42,45,41,38,47,10,33,0,30,39,64,67,65,64,63,64,70,48,48,48,48,48,48,48,48,43,48,48,48,48,48,48,48,48,48,48,48,48,48,48,48,25,28,25,25,25,25,25,25,25,45,25,25,25,26,27,39,7,7,7,7,0,0,0,0,0,0,0,63]} 1. d4 Nf6 ({Predecessor:} 1... d5 2. c4 e6 3. Nc3 Bb4 4. e3 c5 5. cxd5 exd5 6. Nf3 Nf6 7. Bd2 cxd4 8. Nxd4 {0-1 (31) Ballo,E (2240)-Loeffler,S (2410) Germany 2000}) 2. c4 e6 3. Nc3 Bb4 4. e3 O-O 5. Nf3 c5 6. Bd2 cxd4 7. Nxd4 d5 8. cxd5 exd5 $146 {A32: Symmetrical English: 2 Nf3 Nf6 3 d4 cxd4 4 Nxd4 e6} (8... Nxd5 9. Rc1 Bxc3 10. Bxc3 e5 11. Nb3 Nxc3 12. Rxc3 b6 13. Bd3 Bb7 14. O-O {1-0 (14) Bai,J (2579)-Sarana,A (2587) Qinhuangdao 2018}) 9. Bd3 Nc6 10. Nce2 Bd6 11. Bc3 Re8 12. O-O Ne4 13. Bxe4 Rxe4 14. Ng3 {[#] And now Nxc6 would win.} Rh4 15. Nf3 Bxg3 16. hxg3 Rh6 17. Qb3 (17. b4 {looks sharper.} Ne7 18. b5 Be6 19. a4 a6 20. Nd4) 17... Bg4 {[#] White must now prevent ...Bxf3.} 18. Rfd1 ({But not} 18. Qxb7 $2 Rb8 $19) (18. Ne5 {is more complex.} Nxe5 19. Bxe5 Rc6 20. Rfc1 Qc8 21. Rxc6 Qxc6 22. f3) 18... Rd6 (18... d4 {with more complications.} 19. Bxd4 Qa5 20. Rdc1 Qh5 21. Nh4 g5) 19. Rd2 ({Don't play} 19. Qxb7 Rb8 $17) 19... Qb6 20. Qxb6 axb6 21. Nd4 Nxd4 22. Rxd4 Be6 23. g4 f6 24. f3 b5 25. a3 Ra4 26. Bb4 Rc6 27. Rad1 Ra8 28. Bc3 Ra4 29. R4d2 Rac4 30. Kf2 h6 31. Rd3 Rc7 32. Rh1 Kf7 33. Ke1 Rc8 34. Kd2 (34. Ke2 {keeps more tension.} Re8 35. Kf2 Rcc8 36. Kg3 Rc4 37. Rhd1) 34... R8c7 35. Rd4 (35. Kd1 {is interesting.} Rc8 36. Ke2 Rd8 37. Kf2 Re8 38. Rhd1) 35... Rxd4+ 36. Bxd4 $11 {[%mdl 4096] Endgame KRB-KRB} Rc4 37. Bc3 Rc8 38. Kc2 Rc6 39. Rd1 Rc7 40. b3 Rc8 41. Kb2 Rh8 42. Bb4 Rc8 43. Bd6 f5 {The position is equal.} 44. gxf5 Bxf5 45. Rd2 h5 46. Bb4 Ke6 47. Bc3 g5 48. Rd4 Ke5 {Accuracy: White = 68%, Black = 71%.} (48... Bh7 $11) 1/2-1/2

[Event "15th Governor Cup 2019"]
[Site "Khanty-Mansiysk"]
[Date "2019.11.21"]
[Round "4.5"]
[White "Goganov, Aleksey"]
[Black "Iljiushenok, Ilia"]
[Result "1-0"]
[WhiteElo "2565"]
[BlackElo "2532"]
[Annotator "RC"]
[PlyCount "61"]
[EventDate "2019.11.19"]
[EventType "swiss"]
[EventCountry "RUS"]
[SourceTitle "playchess.com"]
[Source "ChessBase"]
[SourceQuality "1"]
[TimeControl "5400+30"]

1. d4 {[%emt 0:00:00]} Nf6 {[%emt 0:00:00]} 2. c4 {[%emt 0:00:00]} e6 {[%emt 0:00:00]} 3. Nc3 {[%emt 0:00:00]} Bb4 {[%emt 0:00:07]} 4. e3 {[%emt 0:00:00]} O-O {[%emt 0:00:22]} 5. Bd2 {[%emt 0:02:16]} b6 {[%emt 0:07:09]} 6. Nf3 {[%emt 0:00:36]} Bb7 {[%emt 0:00:54]} 7. Bd3 {[%emt 0:00:21]} d5 {[%emt 0:02:19]} 8. cxd5 {[%emt 0:00:07]} exd5 {[%emt 0:02:01]} 9. Rc1 {[%emt 0:08:49]} a6 {[%emt 0:05:30]} 10. Ne5 {[%emt 0:11:06]} Bd6 {[%emt 0:05:27]} 11. O-O {[%emt 0:00:32]} Qe7 {[%emt 0:16:46]} 12. f4 {[%emt 0:00:50]} c5 {[%emt 0:02:10]} 13. Qf3 {[%emt 0:16:44]} c4 {[%emt 0:25:57]} 14. Bb1 {[%emt 0:00:44]} b5 {[%emt 0:00:07]} 15. Be1 {[%emt 0:05:47]} Nbd7 {[%emt 0:06:33]} 16. Qh3 {[%emt 0:05:28]} Bxe5 {[%emt 0:05:27]} 17. Bh4 {[%emt 0:10:04]} Qe8 {[%emt 0:08:52]} 18. fxe5 {[%emt 0:06:32]} Ne4 {[%emt 0:00:37]} 19. Nxe4 {[%emt 0:05:15]} dxe4 {[%emt 0:00:01]} 20. Rf5 {[%emt 0:09:46]} f6 {[%emt 0:07:47]} 21. exf6 {[%emt 0:00:05]} Nxf6 {[%emt 0:00:06]} 22. Bxf6 {[%emt 0:00:05]} Rxf6 {[%emt 0:00:03]} 23. Rxf6 {[%emt 0:00:13]} gxf6 {[%emt 0:00:03]} 24. Rf1 {[%emt 0:01:05]} Qg6 {[%emt 0:02:38]} 25. Qe6+ {[%emt 0:01:43]} Kg7 {[%emt 0:00:08]} 26. Rf4 {[%emt 0:00:34]} Re8 {[%emt 0:01:21]} 27. Qd7+ {[%emt 0:00:48]} Qf7 {[%emt 0:00:01]} 28. Rg4+ {[%emt 0:00:41]} Kf8 {[%emt 0:00:01]} 29. Qd6+ {[%emt 0:00:06]} Re7 {[%emt 0:00:28]} 30. Bxe4 {[%emt 0:00:47]} f5 {[%emt 0:01:16]} 31. Bxf5 {[%emt 0:00:37]} 1-0

[Event "15th Governor Cup 2019"]
[Site "Khanty-Mansiysk"]
[Date "2019.11.21"]
[Round "4.6"]
[White "Nesterov, Arseniy"]
[Black "Frolyanov, Dmitry"]
[Result "1/2-1/2"]
[WhiteElo "2489"]
[BlackElo "2556"]
[Annotator "TA"]
[PlyCount "118"]
[EventDate "2019.11.19"]
[EventType "swiss"]
[EventCountry "RUS"]
[SourceTitle "playchess.com"]
[Source "ChessBase"]
[SourceQuality "1"]

{[%evp 9,118,31,24,-6,-6,-6,-8,-5,-7,-23,13,0,18,13,14,24,31,31,26,14,39,46,41,38,40,47,40,38,35,37,36,33,56,52,53,36,50,44,44,42,48,14,13,13,13,14,14,14,31,15,16,13,13,0,8,0,0,0,0,0,0,0,0,0,0,0,0,0,0,0,0,0,0,0,0,-93,-93,-93,-93,-93,-93,-93,-93,-93,-93,-93,-93,-93,-93,-93,-93,-93,-93,-93,-93,-93,-93,-93,-93,-93,-1,-1,-1,-1,-1,-1,-1,-1,-1,-1,-6]} 1. d4 ({Predecessor:} 1. Nf3 Nf6 2. c4 e6 3. Nc3 d5 {½-½ (28) Deac,B (2582)-Donchenko,A (2581) Porticcio 2018}) 1... d5 2. c4 e6 3. Nf3 Nf6 4. Nc3 dxc4 5. e4 Bb4 6. Bxc4 {D24: Queen's Gambit Accepted: 3 Nf3 Nf6 4 Nc3} Nxe4 7. O-O Nxc3 $146 (7... Nf6 8. Qa4+ Nc6 9. Ne5 Bd6 10. Nxc6 bxc6 11. Qxc6+ Bd7 12. Qf3 O-O 13. Bg5 Rb8 {1-0 (45) Giri,A (2780)-Duda,J (2730) chess.com INT 2019}) 8. bxc3 Be7 9. Ne5 O-O 10. Qg4 Nc6 11. Re1 f5 12. Qf3 Nxe5 13. Rxe5 Kh8 14. Bf4 Bd6 {Hoping for ...g5.} (14... g5 $5 {[%cal Rg5f4]} 15. Bd2 Bd6 $11) 15. Re3 Bxf4 16. Qxf4 Qd6 17. Qxd6 cxd6 18. Bxe6 f4 19. Ree1 Bxe6 20. Rxe6 $14 {[%mdl 4096] Endgame KRR-KRR} Rac8 21. Rxd6 Rxc3 22. Rd7 Rfc8 {( -> ...Rc1+)} 23. Re1 Rc1 {[%cal Rc1e1]} 24. Kf1 R1c2 25. d5 h6 26. d6 Rd2 27. Rc7 Rd8 28. Rxb7 R8xd6 29. Rxa7 Rc6 {And now ...Rcc2! would win.} 30. Ra3 Kh7 31. h4 Rc5 (31... Rcc2 $5 32. Rf3 $8 g5 $11) 32. g4 fxg3 33. Rxg3 Rc7 34. a3 Rd4 35. Rh3 Rf4 36. Re2 h5 37. Re5 g6 38. Rg5 Rc2 39. Rh2 Rc1+ 40. Kg2 Rc2 41. Kg3 Ra4 42. f3 {[#]} (42. Rh1 $11 {remains equal.}) 42... Rxh2 $1 $17 43. Kxh2 Rxh4+ {KR-KR} 44. Kg3 Ra4 45. Rc5 Rxa3 46. Rb5 Kh6 47. Rc5 Ra4 48. Rb5 Ra6 49. Rc5 Kg7 50. Rb5 Kf6 51. Rc5 Re6 52. Kf4 Re1 53. Rc6+ {[#]} Kg7 $1 54. Kg3 Kh6 (54... Rg1+ $17 55. Kh4 Rg2) 55. f4 $11 {The position is equal.} Kg7 {[#]} 56. f5 $1 {[%mdl 512]} gxf5 57. Kf4 h4 58. Kxf5 h3 59. Rg6+ Kf7 {Accuracy: White = 80%, Black = 83%.} 1/2-1/2

[Event "15th Governor Cup 2019"]
[Site "Khanty-Mansiysk"]
[Date "2019.11.21"]
[Round "4.7"]
[White "Chinguun, Sumiya"]
[Black "Bocharov, Dmitry"]
[Result "0-1"]
[WhiteElo "2307"]
[BlackElo "2519"]
[Annotator "ChessBase"]
[PlyCount "68"]
[EventDate "2019.11.19"]
[EventType "swiss"]
[EventCountry "RUS"]
[SourceTitle "playchess.com"]
[Source "ChessBase"]
[SourceQuality "1"]
[TimeControl "5400+30"]

1. e4 {[%emt 0:00:00]} c5 {[%emt 0:16:06]} 2. Nf3 {[%emt 0:00:26]} d6 {[%emt 0:00:26]} 3. d4 {[%emt 0:00:32]} cxd4 {[%emt 0:00:07]} 4. Nxd4 {[%emt 0:00:10]} Nf6 {[%emt 0:00:08]} 5. Nc3 {[%emt 0:00:30]} a6 {[%emt 0:00:29]} 6. Be2 {[%emt 0:00:26]} g6 {[%emt 0:03:15]} 7. Be3 {[%emt 0:02:23]} Nbd7 {[%emt 0:02:34]} 8. Qd2 {[%emt 0:07:51]} b5 {[%emt 0:00:46]} 9. a4 {[%emt 0:05:03]} b4 {[%emt 0:03:22]} 10. Nd5 {[%emt 0:00:31]} Bb7 {[%emt 0:32:39]} 11. Bf3 {[%emt 0:15:48]} e5 {[%emt 0:07:03]} 12. Nb3 {[%emt 0:00:24]} Nxd5 {[%emt 0:05:31]} 13. exd5 {[%emt 0:00:14]} a5 {[%emt 0:00:09]} 14. h4 {[%emt 0:01:51]} h5 {[%emt 0:03:28]} 15. Bg5 {[%emt 0:04:58]} f6 {[%emt 0:03:00]} 16. Qd3 {[%emt 0:02:15]} Kf7 {[%emt 0:00:46]} 17. Be3 {[%emt 0:05:05]} f5 {[%emt 0:01:30]} 18. Be2 {[%emt 0:01:01]} Bg7 {[%emt 0:02:41]} 19. f3 {[%emt 0:01:35]} Qc7 {[%emt 0:02:36]} 20. g4 {[%emt 0:03:35]} e4 {[%emt 0:06:13]} 21. fxe4 {[%emt 0:01:04]} Bxb2 {[%emt 0:05:16]} 22. O-O {[%emt 0:04:13]} Ne5 {[%emt 0:00:35]} 23. Qd1 {[%emt 0:00:45]} Bxa1 {[%emt 0:01:23]} 24. exf5 {[%emt 0:02:11]} Bc3 {[%emt 0:00:18]} 25. fxg6+ {[%emt 0:00:16]} Kxg6 {[%emt 0:01:11]} 26. gxh5+ {[%emt 0:00:56]} Kg7 {[%emt 0:00:13]} 27. Rf5 {[%emt 0:00:48]} Rhg8 {[%emt 0:00:40]} 28. Kh2 {[%emt 0:01:41]} Raf8 {[%emt 0:00:38]} 29. Qf1 {[%emt 0:03:05]} Rxf5 {[%emt 0:00:12]} 30. Qxf5 {[%emt 0:00:25]} Qf7 {[%emt 0:00:37]} 31. Qg5+ {[%emt 0:00:13]} Kh8 {[%emt 0:00:23]} 32. Qh6+ {[%emt 0:00:12]} Qh7 {[%emt 0:00:09]} 33. Qxd6 {[%emt 0:00:20]} Qg7 {[%emt 0:00:16]} 34. Bg5 {[%emt 0:00:10]} Nf3+ {[%emt 0:00:27]} 0-1

[Event "15th Governor Cup 2019"]
[Site "Khanty-Mansiysk"]
[Date "2019.11.21"]
[Round "4.8"]
[White "Safin, Robert"]
[Black "Potapov, Pavel"]
[Result "1/2-1/2"]
[WhiteElo "2182"]
[BlackElo "2489"]
[Annotator "ChessBase"]
[PlyCount "79"]
[EventDate "2019.11.19"]
[EventType "swiss"]
[EventCountry "RUS"]
[SourceTitle "playchess.com"]
[Source "ChessBase"]
[SourceQuality "1"]
[TimeControl "5400+30"]

1. d4 {[%emt 0:00:00]} Nf6 {[%emt 0:00:00]} 2. c4 {[%emt 0:00:00]} e6 {[%emt 0:00:00]} 3. g3 {[%emt 0:00:00]} d5 {[%emt 0:00:39]} 4. Nf3 {[%emt 0:00:00]} Bb4+ {[%emt 0:01:09]} 5. Bd2 {[%emt 0:00:00]} Be7 {[%emt 0:00:27]} 6. Bg2 {[%emt 0:00:09]} O-O {[%emt 0:00:07]} 7. Qc2 {[%emt 0:00:03]} Nbd7 {[%emt 0:01:23]} 8. O-O {[%emt 0:00:08]} c6 {[%emt 0:00:09]} 9. Rc1 {[%emt 0:00:04]} h6 {[%emt 0:04:10]} 10. Be1 {[%emt 0:01:26]} b6 {[%emt 0:05:37]} 11. cxd5 {[%emt 0:03:01]} cxd5 {[%emt 0:00:24]} 12. Nc3 {[%emt 0:09:05]} Bb7 {[%emt 0:02:07]} 13. Nb5 {[%emt 0:06:52]} a6 {[%emt 0:07:13]} 14. Qc7 {[%emt 0:01:12]} Rb8 {[%emt 0:03:18]} 15. Qxd8 {[%emt 0:00:49]} Rbxd8 {[%emt 0:00:49]} 16. Na7 {[%emt 0:01:31]} Bd6 {[%emt 0:04:54]} 17. Nc6 {[%emt 0:00:22]} Rc8 {[%emt 0:01:02]} 18. Nce5 {[%emt 0:06:40]} Rfd8 {[%emt 0:06:44]} 19. e3 {[%emt 0:01:53]} Kf8 {[%emt 0:01:29]} 20. a3 {[%emt 0:00:25]} Ke7 {[%emt 0:05:34]} 21. Nd3 {[%emt 0:06:35]} Ne8 {[%emt 0:03:54]} 22. Bb4 {[%emt 0:02:24]} f6 {[%emt 0:01:11]} 23. Nd2 {[%emt 0:01:02]} a5 {[%emt 0:02:45]} 24. Bxd6+ {[%emt 0:00:28]} Nxd6 {[%emt 0:00:09]} 25. Rxc8 {[%emt 0:12:23]} Rxc8 {[%emt 0:01:17]} 26. Rc1 {[%emt 0:00:05]} Rxc1+ {[%emt 0:02:58]} 27. Nxc1 {[%emt 0:00:01]} Ba6 {[%emt 0:00:30]} 28. f4 {[%emt 0:00:26]} g5 {[%emt 0:07:55]} 29. Kf2 {[%emt 0:00:41]} g4 {[%emt 0:05:13]} 30. e4 {[%emt 0:09:18]} dxe4 {[%emt 0:00:24]} 31. Bxe4 {[%emt 0:00:10]} f5 {[%emt 0:03:25]} 32. Bg2 {[%emt 0:07:02]} Nf6 {[%emt 0:03:16]} 33. Na2 {[%emt 0:02:25]} Nc4 {[%emt 0:04:56]} 34. Nxc4 {[%emt 0:00:12]} Bxc4 {[%emt 0:00:03]} 35. Nc3 {[%emt 0:00:11]} Kd6 {[%emt 0:00:28]} 36. Ke3 {[%emt 0:00:33]} Bd5 {[%emt 0:03:10]} 37. Bf1 {[%emt 0:00:16]} Bc6 {[%emt 0:01:45]} 38. Bc4 {[%emt 0:00:49]} Bd5 {[%emt 0:04:40]} 39. Bf1 {[%emt 0:00:06]} Bc6 {[%emt 0:00:42]} 40. Bc4 {[%emt 0:00:04] Ke5 Ke4+} 1/2-1/2

[Event "15th Governor Cup 2019"]
[Site "Khanty-Mansiysk"]
[Date "2019.11.21"]
[Round "4.9"]
[White "Afanasiev, Nikita"]
[Black "Lugovskoy, Maxim"]
[Result "0-1"]
[WhiteElo "2508"]
[BlackElo "2444"]
[Annotator "ChessBase"]
[PlyCount "86"]
[EventDate "2019.11.19"]
[EventType "swiss"]
[EventCountry "RUS"]
[SourceTitle "playchess.com"]
[Source "ChessBase"]
[SourceQuality "1"]
[TimeControl "5400+30"]

1. c4 {[%emt 0:16:52]} e6 {[%emt 0:00:24]} 2. Nf3 {[%emt 0:00:06]} Nf6 {[%emt 0:00:30]} 3. g3 {[%emt 0:00:05]} d5 {[%emt 0:01:01]} 4. Bg2 {[%emt 0:00:05]} Be7 {[%emt 0:00:18]} 5. O-O {[%emt 0:00:08]} O-O {[%emt 0:00:07]} 6. b3 {[%emt 0:00:09]} c5 {[%emt 0:02:09]} 7. Bb2 {[%emt 0:00:40]} Nc6 {[%emt 0:00:14]} 8. e3 {[%emt 0:01:25]} b6 {[%emt 0:01:19]} 9. Qe2 {[%emt 0:00:22]} Bb7 {[%emt 0:00:14]} 10. Rd1 {[%emt 0:05:49]} Qc7 {[%emt 0:12:46]} 11. Nc3 {[%emt 0:01:04]} Rfd8 {[%emt 0:01:10]} 12. Rac1 {[%emt 0:11:33]} dxc4 {[%emt 0:05:07]} 13. bxc4 {[%emt 0:00:16]} Rd7 {[%emt 0:01:47]} 14. Nb5 {[%emt 0:11:44]} Qd8 {[%emt 0:02:01]} 15. d4 {[%emt 0:01:53]} cxd4 {[%emt 0:13:35]} 16. exd4 {[%emt 0:02:55]} a6 {[%emt 0:03:06]} 17. Nc3 {[%emt 0:03:24]} Rc8 {[%emt 0:03:22]} 18. d5 {[%emt 0:11:22]} exd5 {[%emt 0:00:41]} 19. cxd5 {[%emt 0:01:30]} Nxd5 {[%emt 0:01:18]} 20. Bh3 {[%emt 0:00:25]} Nxc3 {[%emt 0:15:58]} 21. Bxc3 {[%emt 0:00:09]} Rcc7 {[%emt 0:00:10]} 22. Bxd7 {[%emt 0:12:49]} Rxd7 {[%emt 0:00:13]} 23. Ne5 {[%emt 0:00:05]} Nxe5 {[%emt 0:01:03]} 24. Bxe5 {[%emt 0:00:06]} Bf8 {[%emt 0:01:09]} 25. h4 {[%emt 0:09:41]} Rd5 {[%emt 0:02:01]} 26. Kh2 {[%emt 0:01:29]} Qd7 {[%emt 0:00:30]} 27. Bf4 {[%emt 0:01:44]} h6 {[%emt 0:01:47]} 28. Be3 {[%emt 0:03:47]} Qe6 {[%emt 0:00:46]} 29. Rxd5 {[%emt 0:00:46]} Bxd5 {[%emt 0:00:43]} 30. Qxa6 {[%emt 0:00:44]} Qe4 {[%emt 0:01:11]} 31. Rg1 {[%emt 0:00:26]} Bd6 {[%emt 0:00:51]} 32. Qc8+ {[%emt 0:01:06]} Kh7 {[%emt 0:00:01]} 33. Qd8 {[%emt 0:00:08]} Be5 {[%emt 0:02:45]} 34. Bxb6 {[%emt 0:01:41]} g5 {[%emt 0:00:16]} 35. Qd7 {[%emt 0:00:31]} Be6 {[%emt 0:00:10]} 36. Qd2 {[%emt 0:00:27]} Qxh4+ {[%emt 0:00:06]} 37. Kg2 {[%emt 0:00:04]} Bh3+ {[%emt 0:04:32]} 38. Kf3 {[%emt 0:00:02]} Qg4+ {[%emt 0:00:14]} 39. Ke3 {[%emt 0:00:00]} Qe6 {[%emt 0:00:21]} 40. Qd3+ {[%emt 0:00:29]} Bf5 {[%emt 0:00:08]} 41. Qb3 {[%emt 0:00:04]} Bf4+ {[%emt 0:00:25]} 42. Kd4 {[%emt 0:00:00]} Qe5+ {[%emt 0:00:07]} 43. Kc4 {[%emt 0:00:03]} Be6+ {[%emt 0:00:04] Kd4} 0-1